000 01264nac a22003131u 4500
010 _a 2003271368
020 _a0393325393
020 _a0393325393
035 _a(OCoLC)ocm51310581
082 _a330.904819
090 _c3439
_d3439
100 _a20080729
245 0 0 _aState of the world, 2004 :
_ba Worldwatch Institute report on progress toward a sustainable society /
_cBrian Halweil and Lisa Mastny, project director ; Erik Assadourian ... [et al.] ; Linda Starke, editor.
250 _a1 st. ed.
260 _aNew York :
_bW.W. Norton & Co.,2004
_cc2004.
300 _axxiii, 241 p. :
_bill., maps ;
_c25 cm.
504 _aIncludes bibliographical references and index.
650 0 _aSustainable development.
650 0 _aConservation of natural resources.
650 0 _aEconomic development
_xEnvironmental aspects.
650 0 _aNature
_xEffect of human beings on.
650 0 _aEnvironmental protection.
700 1 _aGardner, Gary T.,
_d1958-
700 1 _aBright, Chris.
700 1 _aStarke, Linda.
710 2 _aWorldwatch Institute.
942 _cBB
_k330.904819
999 _c3439
_d3439